000 01044nam a2200229Ia 4500
003 OSt
005 20211027151719.0
008 210310s2000 cl fr 000 0 por d
040 _aCO-JMCR
_cCO-JMCR
041 0 _apor
082 0 4 _a338.981 /
_bA485d
_223
100 1 _aAmaral Filho, Jair do,
_917873
_eautor
245 1 0 _aDesenvolvimento local e descentralização na América Latina :
_bo caso do Estado do ceará, Brasil /
_cJair do Amaral Filho
260 _aSantiago de Chile :
_bCepal,
_c2000
300 _aiii, 65 páginas ;
_c28 cm.
490 0 _aProyecto Cepal/GTZ "Desarrollo económico local y descentralización en América Latina"
504 _aBibliografía: páginas 63-65
505 0 _aDescrição da iniciativa de desenvolvimento econômico -- Caracterização do território -- Alianças e cooperação público e -- Descentralização e instrumentos
650 1 4 _aDesarrollo económico local
_917875
_zCeará, Brasil
650 2 4 _aActividad económica
_xDatos socioeconómicos
_zCeará, Brasil
_941314
942 _2ddc
_cBK
999 _c8645
_d8645